<?xml version="1.0" encoding="UTF-8"?>
<collection xmlns="http://www.loc.gov/MARC21/slim">
 <record>
  <leader>00538pamaa2200169   4500</leader>
  <controlfield tag="001">0000033402</controlfield>
  <controlfield tag="005">20090930090000.0</controlfield>
  <datafield tag="020" ind1="0" ind2="0">
   <subfield code="a">0135577284 </subfield>
  </datafield>
  <datafield tag="082" ind1=" " ind2=" ">
   <subfield code="a">658.83 RUD</subfield>
  </datafield>
  <datafield tag="090" ind1="0" ind2="0">
   <subfield code="a">HF5415.2 </subfield>
   <subfield code="b">RUD 1983</subfield>
  </datafield>
  <datafield tag="100" ind1="1" ind2="0">
   <subfield code="a">RUDDICK </subfield>
  </datafield>
  <datafield tag="245" ind1="1" ind2="0">
   <subfield code="a">The marketing research handbook : </subfield>
   <subfield code="b">a decision-oriented approach  </subfield>
   <subfield code="c">Morris E. Ruddick, Philip K. Sherwood and Robert E. Stevens.</subfield>
  </datafield>
  <datafield tag="260" ind1="0" ind2="0">
   <subfield code="a">New Jersey: </subfield>
   <subfield code="b">Prentice-Hall, </subfield>
   <subfield code="c">1983.</subfield>
  </datafield>
  <datafield tag="300" ind1=" " ind2=" ">
   <subfield code="a">xi, 210p.; </subfield>
   <subfield code="c">24cm.</subfield>
  </datafield>
  <datafield tag="650" ind1="0" ind2="0">
   <subfield code="a">Marjeting research </subfield>
  </datafield>
  <datafield tag="700" ind1="1" ind2="1">
   <subfield code="a">Sherwood, </subfield>
   <subfield code="h">Philip K </subfield>
  </datafield>
  <datafield tag="700" ind1="1" ind2="1">
   <subfield code="a">Stevens, </subfield>
   <subfield code="h">Robert E </subfield>
  </datafield>
 </record>
</collection>
